000 00710nam a2200217 a 4500
001 000007224
005 20240514195118.0
008 090907s2004 dr a 000 0 spa d
020 _a9993497142
040 _aDO-SdBNP
_bspa
_cBNPHU
082 _a613 RD
_bM4254m
100 1 _aMateo Martínez, Héctor E.
_920040
245 1 0 _aMedicina, amor y vida /
_cHéctor E. Mateo Martínez ; prólogo Pablo Íñigüez.
260 _aSanto Domingo :
_bCuesta-Veliz,
_c2004.
300 _a298 p. :
_bil. ;
_c23 cm.
504 _aBibliografía : p. 295-298
650 4 _aMedicina preventiva
_920041
650 4 _aMedicina popular
_912480
650 0 _a Calidad de vida
_985379
700 1 2 _aÍñigüez, Pablo,
_epról.
_918249
999 _c7005
_d7005